000 00505nam a22001577a 4500
999 _c8627
_d8627
003 OSt
008 200320b ||||| |||| 00| 0 eng d
020 _a9780702042904
100 _aMichael E. Aulton & Kevin M.G. Taylor
245 _aAulton's Pharmaceutics: The Design and Manufacture of Medicines
250 _a5th (2018)
260 _aNew Delhi
_bElsevier India
300 _aPaperback: 2374 pages, Dimensions: 19 x 3.8 x 25.4 cm
650 _aPharmaceutical Dosage form /Cosmetic
942 _2ddc
_cBK
_03